000 00832cab a2200241 4500
001 ABS53999
008 090401t1995 xxu||||| |||| 00| 0 eng d
035 _a(Sirsi) u7820
041 _aeng
100 _aFleming, D.
245 _aCompensation or restitution?: an analysis of the Hungarian Ladn Compensation Acts 1991-92
260 _c1995
350 _a0
490 _aJournal of Property Valuation and Investment
_v13(4) 1995, 71-78(8)
520 _aExamines the resolution of rights to former expropriated owners of land and buildings in Hungary. Looks at social and economic implications of the choice between compensation and restitution. References.
650 _aCOMPENSATION
650 _aHUNGARY
650 _aLAND RIGHTS
690 _aLAND
690 _aOVERSEAS-EUROPE
942 _n0
948 _c04/03/1997
999 _c4757
_d4757